| 000 | 00537nam a2200193Ia 4500 | ||
|---|---|---|---|
| 003 | OSt | ||
| 005 | 20200825123020.0 | ||
| 008 | 190216s9999||||xx |||||||||||||| ||und|| | ||
| 020 | _a9788121928014 | ||
| 040 | _coclc | ||
| 082 |
_a539 _bMUR/M |
||
| 100 |
_aMurugeshan, R _94330 |
||
| 245 | 0 |
_aModern Physics / _cR Murugeshan ; Kiruthiga Sivaprasath |
|
| 250 | _a13th Ed. | ||
| 260 |
_bS Chand & Company, _c2007. _aNew Delhi: |
||
| 300 | _a976p | ||
| 650 | _aPhysics | ||
| 942 |
_cBK _2ddc _h539 _iMUR/M _k539 _mMUR/M |
||
| 999 |
_c33977 _d33977 |
||